000 00345nam a2200145Ia 4500
005 20240807062137.0
008 240806s9999||||xx |||||||||||||| ||eng||
041 _aeng
100 _aRama Shankar
245 0 _aMahapuroosho ki gathaye /
_cRama Shankar
260 _bRameswer Prakashan
300 _a80
650 _aGeneral Studies
942 _cBK
999 _c9799
_d9799